| 000 | 00789nam a22002417a 4500 | ||
|---|---|---|---|
| 999 |
_c12659 _d12659 |
||
| 003 | AR-CdUCM | ||
| 008 | 190409b ||||| |||| 00| 0 spa d | ||
| 020 | _a968-29-1145-1 | ||
| 040 |
_aMUNICIPALIDAD PROVINCIAL DEL CUSCO _cBIBLIOTECA MUNICIPAL DEL CUSCO |
||
| 082 |
_aEP / 372.700 / _bC95 |
||
| 100 |
_aCueto, Mireya _930617 |
||
| 245 | _aLa Boda de la Ratita y más Teatro-Cuentos / | ||
| 260 |
_aMéxico : _bImprenta Madero ; _c1986. |
||
| 300 |
_a94 páginas ; _bIlustraciones _c23cm |
||
| 440 |
_aColección Cascada _930618 |
||
| 505 | _aContenido: Cuentos -- Teatro | ||
| 650 |
_aEducación primaria _91561 |
||
| 650 |
_aTeatro _9173 |
||
| 650 |
_aCuentos _9312 |
||
| 710 |
_aSecretaria de Educación Pública _917942 |
||
| 942 |
_2ddc _cLIBROS |
||
| 945 |
_anom _d2019-04-09 |
||